<?xml version="1.0" encoding="UTF-8"?>
<record
    xmlns:xsi="http://www.w3.org/2001/XMLSchema-instance"
    xsi:schemaLocation="http://www.loc.gov/MARC21/slim http://www.loc.gov/standards/marcxml/schema/MARC21slim.xsd"
    xmlns="http://www.loc.gov/MARC21/slim">

  <leader>00883nam a2200169Ia 4500</leader>
  <controlfield tag="005">20260302161943.0</controlfield>
  <controlfield tag="008">260302s9999    xx          000 0 und d</controlfield>
  <datafield tag="020" ind1=" " ind2=" ">
    <subfield code="a">9780792396840</subfield>
  </datafield>
  <datafield tag="082" ind1=" " ind2=" ">
    <subfield code="a">339.5</subfield>
    <subfield code="b">CRE</subfield>
  </datafield>
  <datafield tag="100" ind1=" " ind2=" ">
    <subfield code="a">Goff, Brian L.</subfield>
  </datafield>
  <datafield tag="245" ind1=" " ind2="0">
    <subfield code="a">Regulation and Macroeconomic Performance / </subfield>
    <subfield code="c">Goff, Brian L.</subfield>
  </datafield>
  <datafield tag="260" ind1=" " ind2=" ">
    <subfield code="b">Springer Science &amp; Business Media, </subfield>
    <subfield code="c">1996</subfield>
  </datafield>
  <datafield tag="300" ind1=" " ind2=" ">
    <subfield code="a">174 pages</subfield>
  </datafield>
  <datafield tag="520" ind1=" " ind2=" ">
    <subfield code="a">There are few aggregate measures of the amount of regulation in the macroeconomy, despite the enormity of regulation and its macroeconomic consequences. Regulation and Macroeconomic Performance attempts to increase the awareness of macroeconomic effects of regulation by providing some descriptions of regulation's scope and channels as well as providing quantitative assessments based on technical statistical evidence.</subfield>
  </datafield>
  <datafield tag="650" ind1=" " ind2=" ">
    <subfield code="a">Business &amp; Economics</subfield>
  </datafield>
  <datafield tag="942" ind1=" " ind2=" ">
    <subfield code="c">ENGLISH</subfield>
  </datafield>
  <datafield tag="999" ind1=" " ind2=" ">
    <subfield code="c">616715</subfield>
    <subfield code="d">616715</subfield>
  </datafield>
  <datafield tag="952" ind1=" " ind2=" ">
    <subfield code="0">0</subfield>
    <subfield code="1">0</subfield>
    <subfield code="4">0</subfield>
    <subfield code="7">0</subfield>
    <subfield code="a">ACL</subfield>
    <subfield code="b">ACL</subfield>
    <subfield code="c">4A</subfield>
    <subfield code="d">2026-03-02</subfield>
    <subfield code="l">0</subfield>
    <subfield code="o">339.5 CRE</subfield>
    <subfield code="p">211354</subfield>
    <subfield code="r">2026-03-02 16:19:43</subfield>
    <subfield code="w">2026-03-02</subfield>
    <subfield code="y">ENGLISH</subfield>
  </datafield>
</record>
